| 000 | 02466nam a2200265Ia 4500 | ||
|---|---|---|---|
| 003 | OSt | ||
| 005 | 20211112150842.0 | ||
| 008 | 210310s1959 mx fr 000 0 spa d | ||
| 040 |
_aCO-JMCR _cCO-JMCR |
||
| 041 | 1 |
_aspa _heng |
|
| 082 | 0 | 4 |
_a338.91 / _bT587p _223 |
| 100 | 1 |
_aTinbergen, Jan, _918110 _eautor |
|
| 245 | 1 | 3 |
_aLa planeación del desarrollo / _cJan Tinbergen ; traducción de Javier Márquez |
| 250 | _aPrimera edición | ||
| 260 |
_aMéxico : _bFondo de Cultura Económica, _c1959 |
||
| 300 |
_a107 páginas ; _c21 cm. |
||
| 490 | 0 | _aSección de Obras de Economía | |
| 500 | _aTítulo original: The Desing of Development | ||
| 505 | 0 | _aLos elementos del desarrollo económico -- La esencia de la programación -- Análisis de proyectos: inversiones públicas -- Métodos para explorar, juzgar y estimular la inversión privada | |
| 520 | 3 | _aGran número de empresarios individuales llevó a cabo el proceso de desarrollo económico en los países hoy adelantados, mientras que la actuación del gobierno era muy restringida: las más de las veces se limitaba a proporcionar facilidades de comunicación y transporte. En cambio, hoy se difunde cada vez más la creencia de que el des arrollo económico es una necesidad para los países de bajo nivel de bienestar material y que puede promoverse mediante una "política de desarrollo", sin que, desde luego, dejen de utilizarse las fuerzas de la iniciativa privada. Tinbergen basa su estudio sobre La planeación del desarrollo -a partir de esa creencia- en cuatro objetivos principales: crear condiciones generales favorables al desarrollo; familiarizar al gobierno mismo, a la comunidad mercantil y al público en general con las potencialidades y ventajas del desarrollo; hacer una serie de inversiones, por lo general del tipo "básico", y tomar medidas des tinadas a facilitar y a estimular al actividad y las inversiones priva das. Con estos fines, el estudio del profesor holandés parte de los elementos del desarrollo económico, se interna en la esencia de la programación y particulariza los análisis de proyectos para las inversiones públicas y los métodos para explorar, juzgar y estimular la inversión privada. Concluye con una serie de anexos sobre conceptos y problemas localizados, indispensables a la planeación. | |
| 650 | 1 | 4 |
_aDesarrollo económico _918233 |
| 650 | 2 | 4 |
_aPolítica económica _941521 |
| 700 | 1 |
_aMárquez, Javier, _etraductor _94628 |
|
| 942 |
_2ddc _cBK |
||
| 999 |
_c8768 _d8768 |
||